Herrick's Hesperides : (Record no. 21950)
[ view plain ]
| 000 -LEADER | |
|---|---|
| fixed length control field | 01017cam a2200301 a 4500 |
| 001 - CONTROL NUMBER | |
| control field | 21950 |
| 003 - CONTROL NUMBER IDENTIFIER | |
| rucl marc code | BD-RjUL |
| 005 - DATE AND TIME OF LATEST TRANSACTION | |
| control field | 20211209000741.0 |
| 008 - FIXED-LENGTH DATA ELEMENTS--GENERAL INFORMATION | |
| fixed length control field | 140306s1908 enk 001 1 eng d |
| 035 ## - SYSTEM CONTROL NUMBER | |
| System control number | (BD-RjUL)22015 |
| 040 ## - CATALOGING SOURCE | |
| Original cataloging agency | University of Michigan Library |
| Transcribing agency | DLC |
| Modifying agency | DLC |
| -- | BD-RjUL |
| Language of cataloging | eng |
| 041 ## - LANGUAGE CODE | |
| Language code of text/sound track or separate title | eng |
| 082 ## - DEWEY DECIMAL CLASSIFICATION NUMBER | |
| Classification number | 821.3 |
| Author mark and year | HEH 1908 |
| 100 1# - MAIN ENTRY--PERSONAL NAME | |
| Personal name | Herrick, Robert, |
| Dates associated with a name | 1591-1674. |
| 9 (RLIN) | 58468 |
| 245 10 - TITLE STATEMENT | |
| Title | Herrick's Hesperides : |
| Remainder of title | & Noble numbers / |
| Statement of responsibility, etc. | Robert Herrick, |
| 260 ## - PUBLICATION, DISTRIBUTION, ETC. (IMPRINT) | |
| Place of publication, distribution, etc. | London : |
| Name of publisher, distributor, etc. | J.M. Dent ; |
| Place of publication, distribution, etc. | New York : |
| Name of publisher, distributor, etc. | E.P. Dutton, |
| Date of publication, distribution, etc. | 1908 |
| 300 ## - PHYSICAL DESCRIPTION | |
| Pagination | xvi, 512 p. : |
| Size | 17 cm. |
| 490 0# - SERIES STATEMENT | |
| Series statement | Everyman's library |
| 504 ## - BIBLIOGRAPHY, ETC. NOTE | |
| Bibliography, etc | Includes index. |
| 561 ## - OWNERSHIP AND CUSTODIAL HISTORY | |
| Institution to which field applies | DLC |
| 600 ## - SUBJECT ADDED ENTRY--PERSONAL NAME | |
| Personal name | Rhys, Ernest, |
| Dates associated with a name | 1859-1946. |
| 700 12 - ADDED ENTRY--PERSONAL NAME | |
| Personal name | Herrick, Robert, |
| Dates associated with a name | 1591-1674. |
| 710 2# - ADDED ENTRY--CORPORATE NAME | |
| Corporate name or jurisdiction name as entry element | Oliver Wendell Holmes Collection (Library of Congress) |
| Institution to which field applies | DLC |
| 9 (RLIN) | 4233 |
| 942 ## - ADDED ENTRY ELEMENTS (KOHA) | |
| Source of classification or shelving scheme | Dewey Decimal Classification |
| Koha item type | Books |
| Lost status | Source of classification or shelving scheme | Damaged status | Not for loan | Collection code | Permanent Location | Current Location | Shelving location | Date acquired | Source of acquisition | Cost, normal purchase price | Total Checkouts | Full call number | Date last seen | Copy number | Koha item type |
|---|---|---|---|---|---|---|---|---|---|---|---|---|---|---|---|
| Dewey Decimal Classification | Added to bundle | Fiction | Central Library, University of Rajshahi | Central Library, University of Rajshahi | Reading Room | 14/09/1955 | B. H. Blackwell | 3.00 | 821.3 HEH 1908 | 06/03/2014 | C-1 | Books |